| 000 | 01039nam a2200301 i 4500 | ||
|---|---|---|---|
| 001 | 11391 | ||
| 003 | ES-MaACL | ||
| 005 | 20250902013441.0 | ||
| 007 | t| | ||
| 008 | 921103s1992 sp |||| | spa j | ||
| 020 | _a84-7100-544-1 | ||
| 080 | _a316.343.34(460)"15/17" | ||
| 080 | _a339.5(460:8=60)"15/17" | ||
| 080 | _a339.5(8=60:460)"15/17" | ||
| 100 | 1 |
_aRuiz Rivera, Julián B. _9179044 |
|
| 245 | 1 | 0 |
_aCargadores a Indias / _cJulián B. Ruiz Rivera, Manuela Cristina García Bernal. |
| 260 |
_aMadrid : _bMAPFRE, _cD.L. 1992. |
||
| 300 |
_a395 p. ; _c23 cm. |
||
| 490 | 1 |
_aRelaciones entre España y América ; _v12 |
|
| 500 | _aÍndices. | ||
| 504 | _aBibliografía: p. [365]-384. | ||
| 650 | 1 | 7 |
_aComerciantes- _zEspaña _2 _9168881 |
| 651 | 4 |
_aEspaña- _xComercio exterior- _zAmérica española- _yS.XVI-XVIII. _9169142 |
|
| 700 | 1 |
_aGarcía Bernal, Manuela Cristina. _954262 |
|
| 830 | 0 | 0 |
_aColección Relaciones entre España y América _v12 _9179037 |
| 852 |
_aES-MaACL _jL-18716 |
||
| 999 |
_c11391 _d11391 |
||